| 000 | 00520nam a2200205Ia 4500 | ||
|---|---|---|---|
| 005 | 20260429112223.0 | ||
| 008 | 260429s9999||||xx |||||||||||||| ||und|| | ||
| 020 | _a9789349281578 | ||
| 041 | _aEnglish | ||
| 082 |
_a346.048 _bKUM |
||
| 100 | _aKumar, Vasu | ||
| 245 | 0 |
_aIntellectual property rights / _cVasu Kumar |
|
| 260 |
_aJaipur : _bYking Book, _c2025. |
||
| 300 | _avi, 272 p.; hb | ||
| 650 | _a Intellectual property rights | ||
| 650 | _a IPR | ||
| 650 | _a Private law | ||
| 650 | _aLaw | ||
| 942 | _cTB | ||
| 999 |
_c52961 _d52961 |
||